000 00582nam a2200253Ia 4500
008 210210b1963 xxu||||| |||| 00| 0 eng d
041 _aeng
082 _a381/116
100 _aOWLER (L W J)
245 _aWheldons cost accounting and costing methods Ed 10
250 _a
260 _aLondon
_bMacdonald & Evans
_c1963
300 _axiii,546
650 _aWheldons
650 _amethods
650 _aEd
650 _acosting
650 _acost
650 _aaccounting
650 _a10
690 _aCost Accounting
700 _aBROWN (J L)
906 _a005162
999 _c125100
_d125100